000 01384cam a2200385 i 4500
001 18229678
005 20210421132706.0
008 140717s2009 nyua j 000 1 eng
010 _a 2013456757
020 _a 978-0545135436
040 _aDLC
_beng
_cDLC
_erda
_dDLC
042 _apcc
050 0 0 _aPN6727.S546
_bR67 2009
092 _ajunior graphic novel
_bSmith
100 1 _aSmith, Jeff,
_d1960 February 27-
_95723277
245 1 0 _aRose /
_cby Jeff Smith ; with illustrations by Charles Vess.
250 _aFirst Scholastic edition.
264 1 _aNew York :
_bGraphix,
_c2009.
300 _a138 pages :
_bcolor illustrations ;
_c24 cm.
336 _atext
336 _astill image
337 _aunmediated
338 _avolume
490 0 _aBone :
_vprequel
500 _a"August 2009"--Title page verso.
650 0 _aGraphic novels.
650 0 _aAdventure stories.
650 0 _aDragons
_vFiction.
_95673926
655 0 _aGraphic novels.
700 1 _aVess, Charles,
_eillustrator.
_930122
856 4 2 _3Contributor biographical information
_uhttp://www.loc.gov/catdir/enhancements/fy1413/2013456757-b.html
856 4 2 _3Publisher description
_uhttp://www.loc.gov/catdir/enhancements/fy1413/2013456757-d.html
906 _a7
_bcbc
_corigres
_d2
_encip
_f20
_gy-gencatlg
942 _2ddc
_cBOOK
999 _c360663
_d360663